Statistics for US Navy Aircraft Carriers

Click here to take the quiz!

General Stats

  • This quiz has been taken 4,544 times
  • The average score is 34 of 73

Answer Stats

HintAnswer% Correct
CV-44Skipped
98%
CV-50 ~ 57Skipped
98%
CVN-78Gerald R Ford
76%
CVN-79John F Kennedy
76%
CV-67John F Kennedy
76%
CVN-80Enterprise
74%
CV-6Enterprise
74%
CVN-65Enterprise
74%
CVN-73George Washington
73%
CVN-76Ronald Reagan
73%
CVN-72Abraham Lincoln
72%
CVN-68Nimitz
72%
CV-42Franklin D Roosevelt
70%
CVN-77George H W Bush
70%
CVN-71Theodore Roosevelt
69%
CVN-69Dwight D Eisenhower
67%
CV-5Yorktown
62%
CV-10Yorktown
62%
CV-12Hornet
61%
CV-8Hornet
61%
CVN-75Harry S Truman
60%
CV-16Lexington
60%
CV-2Lexington
60%
CV-41Midway
56%
CV-60Saratoga
56%
CV-3Saratoga
56%
CV-18Wasp
52%
CV-7Wasp
52%
CV-1Langley
51%
CV-27Langley
51%
CV-9Essex
49%
CV-63Kitty Hawk
49%
CV-61Ranger
48%
CV-4Ranger
48%
CV-66America
46%
CVN-70Carl VInson
43%
CV-59Forrestal
42%
CV-13Franklin
42%
CV-22Independence
42%
CV-62Independence
42%
CVN-74John C Stennis
42%
CV-43Coral Sea
40%
CV-17Bunker Hill
39%
CV-11Intrepid
39%
CV-64Constellation
36%
CV-14Ticonderoga
36%
CV-58United States
35%
CV-31Bon Homme Richard
33%
CV-46Iwo Jima
32%
CV-34Oriskany
31%
CV-38Shangri-La
31%
CV-36Antietam
29%
CV-32Leyte
29%
CV-23Princeton
29%
CV-37Princeton
29%
CV-20Bennington
28%
CV-25Cowpens
28%
CV-24Belleau Wood
27%
CV-21Boxer
27%
CV-19Hancock
27%
CV-47Philippine Sea
27%
CV-48Saipan
27%
CV-40Tarawa
27%
CV-45Valley Forge
27%
CV-29Bataan
25%
CV-33Kearsarge
24%
CV-15Randolph
24%
CV-30San Jacinto
24%
CV-28Cabot
23%
CV-39Lake Champlain
22%
CV-26Monterey
22%
CV-35Reprisal
21%
CV-49Wright
21%

Score Distribution

Percentile by Number Answered

Percent of People with Each Score

Your Score History

You have not taken this quiz